Una página de Galicia (Record no. 138407)

MARC details
000 -LEADER
campo de control de longitud fija 00581nam a2200169 4500
001 - NÚMERO DE CONTROL
campo de control 138407
003 - IDENTIFICADOR DE NÚMERO DE CONTROL
campo de control ES-MaACL
005 - FECHA Y HORA DE LA ÚLTIMA TRANSACCIÓN
campo de control 20230906195547.0
007 - CAMPO FIJO DE DESCRIPCIÓN FÍSICA--INFORMACIÓN GENERAL
campo de control de longitud fija t|
008 - DATOS DE LONGITUD FIJA--INFORMACIÓN GENERAL
campo de control de longitud fija 070214s1956 sp r ||||1| spa d
100 1# - ENTRADA PRINCIPAL--NOMBRE DE PERSONA
Nombre de persona Sandomingo, Teodoro.
9 (RLIN) 103100
245 14 - MENCIÓN DEL TÍTULO
Título Una página de Galicia
Resto del título : el arzobispo Rajoy y la vida local compostelana, siglo XVIII /
Mención de responsabilidad, etc. Teodoro Sandomingo ; ilustraciones de Ramón Corredoira.
260 ## - PUBLICACIÓN, DISTRIBUCIÓN, ETC.
Lugar de publicación, distribución, etc. La Coruña :
Nombre del editor, distribuidor, etc. Moret,
Fecha de publicación, distribución, etc. 1956.
300 ## - DESCRIPCIÓN FÍSICA
Extensión 77 p., 3 lám. ;
Dimensiones 21 cm.
700 1# - ENTRADA AGREGADA--NOMBRE PERSONAL
Nombre de persona Corredoira, Ramón.
9 (RLIN) 40770
852 ## - LOCALIZACIÓN
Ubicación ES-MaACL
Número de control de estantería 1995-F-14
Sublocalización o colección R.39807
Holdings
Estatus retirado Estado de pérdida Estado de daño No para préstamo Colección Biblioteca de origen Biblioteca actual Ubicación en estantería Fecha de adquisición Fuente de adquisición Total de préstamos Signatura topográfica completa Código de barras Visto por última vez Precio de reemplazo Tipo de ítem Koha
        Colección de folletos Biblioteca del Ateneo de Madrid Biblioteca del Ateneo de Madrid Depósito folletos 17/01/2008     1995-F-14 1144021 23/02/2023 23/02/2023 Folleto